000 00892nam a2200301Ia 4500
001 382004
003 EC-QuCCB
005 20260323110149.0
007 ta
008 260323s1980 us gr 000 f spa d
020 _a0-8297-0522-8
040 _aEC-QuCCB
041 1 _aspa
082 _aU813
_bW681
100 1 _aWilkerson, David,
_934719
_d1931-2011‏
245 1 3 _aLa cruz y el puñal
_cDavid Wilkerson ; con Juan y Elisabet Sherrill ; Versión castellana : Benjamín E. Mercado
250 _aDécima edición
260 _aMiami, Estados Unidos :
_bEditorial Vida,
_c1980
300 _a206 páginas ;
_c18 cm
336 _atexto
_btxt
337 _ano mediado
_bn
338 _avolumen
_bnc
590 _ajcc
650 4 _aNovela estadounidense
_914589
700 1 _aSherrill, Elizabeth,
_934721
_d1928-‏
700 1 _aSherrill, John L.,
_934720
_d1923-‏
942 _2ddc
_cBK
999 _c83712
_d83712